000 02432cam a22006254i 4500
003 PE-LiUPU
005 20250731170444.0
008 150625s2005 ck a rb 000 0 spa d
020 _a9586927318
020 _a9789586927314
035 _a(Sirsi) i9789586927314
040 _aPE-LiUPU
_bspa
_cPE-LiUPU
_dPE-LiUPU
_erda
049 _aPRUA
082 0 4 _a155.2
_bN29
_221
100 1 _aNavarro Ribera, Regino,
_eautor.
245 1 0 _aTrabajar bien, vivir mejor :
_bmanual práctico de valores /
_cRegino Navarro Ribera.
264 1 _aBogotá :
_bSan Pablo,
_c2005.
300 _a357 páginas :
_bilustraciones ;
_c24 centímetros
336 _atext
_2rdacontent
337 _aunmediated
_2rdamedia
338 _avolume
_2rdacarrier
500 _aUn libro necesario para el crecimiento de las personas y el desarrollo de las organizaciones--En la cubierta.
504 _aIncluye bibliografía.
505 0 _aArmonía -- Autoridad -- Calidad -- Comprensión -- Comunicación -- Confianza -- Creatividad -- Esfuerzo -- Espíritu positivo -- Excelencia personal -- Honestidad -- Laboriosidad -- Lealtad -- Proactividad -- Respeto -- Responsabilidad -- Serenidad -- Servicio -- Solidaridad -- Tolerancia -- Derechos humanos -- Principios, valores y virtudes.
526 _aSEG68
526 _aSEG70
526 _aSEG69
526 _aSEG67
526 _aSEG43
526 _aP144
526 _aP143
526 _aP131
526 _aP122
526 _aP120
526 _aP117
526 _aP112
526 _aP110
526 _aP106
526 _aP101
526 _aP80
526 _aP59
526 _aP54
526 _aP35
526 _aP33
526 _aP30
541 _g006-0035866;
650 0 4 _aAutoestima
_vManuales.
650 0 4 _aDesarrollo de la personalidad
_xEstudio y enseñanza
_vGuías.
650 0 4 _aValores
_xEstudio y enseñanza.
942 _2ddc
_cBOOK
949 _a155.2 N29
_wDEWEY
_c1
_i59139
_d2015-10-4
_e2015-10-1
_lCCODEBUL1
_mBUL
_n1
_p12.00
_r0
_sY
_tBOOK
_u2015-6-25
_xSALUD
_PP35
_0COMPRA
_o.STAFF. Colección Ciencias de la Salud
994 _aC0
_bPEPRU
596 _a1
999 _a155.2 N29
_wDEWEY
_c47957
_i59139
_d47957
_e2015-10-1
_f2021-11-3
_g5
_lCCODEBUL1
_mBUL
_n1
_p12.00
_r0
_sY
_tBOOK
_u2015-6-25
_xSALUD
_zP35
_0COMPRA
_o.STAFF. Colección Ciencias de la Salud
980 _81
_gALBERTO SANCHEZ Responsable de Automatización